History by Images - 'V' - Statistics

General Stats
  • This quiz has been taken 54 times
  • The average score is 10 of 16
Answer Stats
Picture Hint Answer % Correct
Its artist Vincent van Gogh
100%
79 AD eruption Vesuvius
98%
Former queen of the UK Victoria
98%
'The Impaler' Vlad
98%
1919 peace treaty Versailles
95%
Major maritime power of 10th century Venice
93%
Capital of the Habsburg Empire Vienna
89%
French writer Voltaire
89%
Portuguese explorer Vasco da Gama
80%
First inhabited by Melanesian people Vanuatu
75%
Ancient Kashi Varanasi
32%
Former Soviet cosmonaut Valentina Tereshkova
30%
Overthrown by Moors in 711 AD Visigoths
27%
Former Roman emperor Valerian
5%
Elite unit of the Byzantine army Varangian Guard
2%
Home to Armenia's first paper factory Vagharshapat
0%
No matching quizzes found
Score Distribution
Percent of People with Each Score
Percentile by Number Answered
Your Score History
You have not taken this quiz